| 000 | 00423nam a22001457a 4500 | ||
|---|---|---|---|
| 020 | _a9789695623718 | ||
| 082 | _a891.439 MAL | ||
| 100 | _aMalik, Nadeem Shafiq Dr. | ||
| 245 | _aIqbal Day: Celebrations Abroad (1948-2000) | ||
| 260 |
_aKarachi _bFiction House _c2015 |
||
| 300 | _a288 p. | ||
| 500 | _aIncludes bibliographical references | ||
| 650 | _a1. Iqbal, Muhammad Sir, 1877-1938---Anniversaries etc. | ||
| 942 | _cBK | ||
| 999 |
_c13578 _d13578 |
||